Cvičebnice ruské gramatiky 12 000 příkladů s řešením na protější straně

Salvato in:
Dettagli Bibliografici
Autori principali: Mistrová, Veronika (Autore), Oganesjanová, Danuše (Autore), Tregubová, Jelena (Autore)
Natura: Libro
Lingua:ceco
Pubblicazione: Praha Polyglot 2004
Edizione:1. vyd.
Soggetti:
Accesso online:Visualizza in OPAC
Tags: Aggiungi Tag
Nessun Tag, puoi essere il primo ad aggiungerne!!

MARC

LEADER 00000nam a2200000 a 4500
005 20260127134053.0
008 090726 2004 xr 000 0 cze d
020 |a 8086195295 
035 |a vtls009925891 
035 |a (SVKBBclas03)vtls000211404 
039 9 |a 201009271207  |b mschk03  |y 200907262315  |z VLOAD 
040 |a SVKBB  |b slo  |c SVKBB  |d STUSCHK1  |e AACR2 
041 1 |a czerus 
080 |a 811.161.1`36(075)(076.5) 
100 1 |a Mistrová, Veronika,  |e aut. 
245 1 0 |a Cvičebnice ruské gramatiky  |b 12 000 příkladů s řešením na protější straně  |c Veronika Mistrová, Danuše Oganesjanová, Jelena Tregubová 
250 |a 1. vyd. 
260 |a Praha  |b Polyglot  |c 2004 
300 |a 569 s.  |c 30 cm 
650 1 7 |a ruština  |x gramatika  |v cvičenia  |v učebnice  |2 hŠVKBB 
650 1 7 |a gramatika ruská  |v cvičenia  |v učebnice  |2 hŠVKBB 
700 1 |a Oganesjanová, Danuše,  |e aut. 
700 1 |a Tregubová, Jelena,  |e aut. 
910 |a SCHK958 
919 |a 80-86195-29-5 
999 |c 3377  |d 3377